Where Homosexuality is Illegal 🏳️‍🌈 - Statistics

General Stats
  • This quiz has been taken 2,501 times
    120 since last reset
  • The average score is 46 of 65
Answer Stats
Answer % Correct
Algeria
92%
Egypt
92%
Iran
85%
Iraq
85%
Afghanistan
84%
Libya
81%
Mali
81%
Somalia
81%
Ethiopia
80%
Indonesia
80%
Mauritania
80%
Morocco
80%
Saudi Arabia
80%
Tunisia
80%
United Arab Emirates
80%
Nigeria
78%
Sudan
78%
Eritrea
77%
Pakistan
77%
South Sudan
77%
Yemen
77%
Oman
76%
Senegal
76%
Uganda
76%
Burundi
74%
Gambia
74%
Kuwait
74%
Qatar
74%
Cameroon
73%
Chad
73%
Kenya
73%
Ghana
72%
Syria
72%
Togo
72%
Guinea
70%
Tanzania
69%
Lebanon
68%
Zimbabwe
68%
Brunei
66%
Guyana
66%
Malaysia
66%
Sierra Leone
66%
Zambia
66%
Liberia
65%
Tuvalu
65%
Comoros
64%
Eswatini
64%
Papua New Guinea
64%
Turkmenistan
64%
Burkina Faso
62%
Malawi
62%
Uzbekistan
62%
Bangladesh
61%
Myanmar
61%
Namibia
61%
Kiribati
59%
Maldives
58%
Solomon Islands
58%
Jamaica
57%
Samoa
57%
Tonga
57%
Sri Lanka
49%
Grenada
46%
Saint Vincent and the Grenadines
46%
Trinidad & Tobago
45%
No matching quizzes found
Score Distribution
Percent of People with Each Score
Percentile by Number Answered
Your Score History
You have not taken this quiz since the last reset